| 000 | 00736nas a2200253 4500 | ||
|---|---|---|---|
| 001 | BR9511627 | ||
| 003 | BR-BrBNA | ||
| 005 | 20231205095614.0 | ||
| 007 | ta | ||
| 008 | 230509b bl.|||p| |||| 00| 00por d | ||
| 040 |
_aBR-BrBNA _bpor _cBiblioteca Nacional de Agricultura |
||
| 041 | _a(Es) | ||
| 072 | _aH60 | ||
| 100 | 1 | _aJuan, V.F. | |
| 100 | 1 | _aIrigoyen, J.H. | |
| 100 | 1 | _aOrioli, G.A. | |
| 245 | 1 | _aComportamento de la poblacion de Avena fatua tratada con graminicidas postemergentes | |
| 650 | _aAveia | ||
| 650 | _aErva Daninha | ||
| 650 | _aGramicida | ||
| 773 | 0 |
_tPlanta Daninha (Brazil) _xISSN 0100-8358 _g(1995), v. 13(1) p. 10-13 _wBR9511627 |
|
| 909 |
_a202311 _bLúcia _c55 _dLúcia Elande |
||
| 942 |
_2AGRIS _n0 _cANA |
||
| 999 |
_c151647 _d151647 |
||